[Event "43rd Guernsey International Holiday"]
[Site "?"]
[Date "2017.10.20"]
[Round "6"]
[White "Nalichowski, Bogdan"]
[Black "Almquist, Rutger"]
[Result "0-1"]
[WhiteElo "1388"]
[BlackElo "1589"]
[PlyCount "190"]
[EventDate "2017.10.15"]
[EventType "swiss"]
[EventRounds "7"]

1. e4 c6 2. d4 d5 3. exd5 cxd5 4. Nc3 Nf6 5. h3 Nc6 6. Nf3 a6 7. a3 g6 8. Bd3
Bg7 9. O-O O-O 10. Bf4 Re8 11. Re1 b5 12. Na2 Bb7 13. c3 Nd7 14. Bg5 Bf6 15. b4
Bxg5 16. Nxg5 e5 17. Qg4 h6 18. Nxf7 Kxf7 19. Qxg6+ Ke7 20. Bf5 Nf8 21. Qxh6
Bc8 22. Qxc6 Bxf5 23. Rxe5+ Be6 24. Rae1 Qd7 25. Qb6 Qd6 26. Qb7+ Kf6 27. R1e3
Qd7 28. Qb6 Qd8 29. Rf3+ Kg6 30. Qxd8 Raxd8 31. Rfe3 Kf6 32. g4 Kf7 33. Nc1 Ng6
34. Rh5 Rh8 35. Rf3+ Kg7 36. Rxh8 Rxh8 37. Nd3 Rf8 38. Re3 Bc8 39. Kh2 Kf6 40.
f4 Ne7 41. Kg3 Nc6 42. f5 Rg8 43. Kf2 Ne7 44. Nf4 Bb7 45. Re6+ Kf7 46. Kf3 Bc8
47. Rd6 Nxf5 48. gxf5 Bxf5 49. Rxd5 Be6 50. Rd6 Bc8 51. Kf2 Ke7 52. Rd5 Rf8 53.
Ke3 Bb7 54. Rc5 Kd6 55. Re5 Rg8 56. Re6+ Kd7 57. Kf2 Rf8 58. Rb6 Kc7 59. Rxb7+
Kxb7 60. Ke3 Kc6 61. d5+ Kd6 62. Ke4 Re8+ 63. Ne6 Rh8 64. Nf4 Rc8 65. Kd3 Rc4
66. Ne6 Kxd5 67. Nd4 Rc8 68. Ne2 Rf8 69. h4 Rf3+ 70. Kd2 Kc4 71. h5 Rh3 72. Kc2
Rxh5 73. Kd2 Rh8 74. Kc2 Rh2 75. Kd1 Kb3 76. Kd2 Kxa3 77. Kd3 Kb2 78. Nf4 Rh6
79. Nd5 Kb3 80. Ke2 Rh4 81. Kd3 Rc4 82. Ke2 Rc6 83. c4 Rxc4 84. Kd3 Rxb4 85.
Nc7 Ra4 86. Ne6 Ra1 87. Nd4+ Kb2 88. Kd2 Ra4 89. Ne2 a5 90. Kd3 Ra3+ 91. Kd2 b4
92. Nd4 b3 93. Ne2 Ra1 94. Nc3 Ka3 95. Kd3 b2 0-1

[Event "43rd Guernsey International Holiday"]
[Site "?"]
[Date "2017.10.20"]
[Round "6"]
[White "Beadle, John R"]
[Black "Harnden, Terry"]
[Result "1/2-1/2"]
[WhiteElo "1558"]
[BlackElo "1369"]
[PlyCount "36"]
[EventDate "2017.10.15"]
[EventType "swiss"]
[EventRounds "7"]

1. e4 c5 2. Nf3 d6 3. d4 cxd4 4. Nxd4 Nc6 5. c4 Nf6 6. Nc3 g6 7. Be2 Bg7 8. O-O
O-O 9. Be3 Nxd4 10. Bxd4 Bd7 11. f4 b6 12. e5 dxe5 13. Bxe5 Rc8 14. Rc1 a6 15.
Rf3 Bf5 16. Qe1 Be6 17. Rd1 Qe8 18. b3 Nd7 1/2-1/2

[Event "43rd Guernsey International Holiday"]
[Site "?"]
[Date "2017.10.20"]
[Round "6"]
[White "Jones, Sidney A"]
[Black "Van Beek, Ronald"]
[Result "1/2-1/2"]
[WhiteElo "1500"]
[BlackElo "1246"]
[PlyCount "33"]
[EventDate "2017.10.15"]
[EventType "swiss"]
[EventRounds "7"]

1. d4 Nf6 2. c4 c6 3. Nc3 g6 4. Nf3 Bg7 5. e3 d5 6. Bd3 O-O 7. O-O Bg4 8. b3 a5
9. Be2 Nbd7 10. h3 Bxf3 11. Bxf3 dxc4 12. bxc4 Rb8 13. a4 Nb6 14. c5 Nbd5 15.
Nxd5 Nxd5 16. Bd2 e5 17. Bxd5 1/2-1/2

[Event "43rd Guernsey International Holiday"]
[Site "?"]
[Date "2017.10.20"]
[Round "6"]
[White "Newrick, William R"]
[Black "Bennett, David"]
[Result "0-1"]
[WhiteElo "1282"]
[BlackElo "1612"]
[PlyCount "42"]
[EventDate "2017.10.15"]
[EventType "swiss"]
[EventRounds "7"]

1. d4 c5 2. Nf3 cxd4 3. Nxd4 e5 4. Nb3 Nf6 5. Bg5 Be7 6. Bxf6 Bxf6 7. e4 O-O 8.
Nc3 Nc6 9. Nd5 d6 10. Qf3 Bg5 11. Bc4 Be6 12. O-O Qd7 13. Rfd1 Bg4 14. Qg3 Bxd1
15. Qxg5 Qd8 16. Nf6+ Qxf6 17. Qxf6 gxf6 18. Rxd1 Rad8 19. Rd3 Kh8 20. Rf3 Nb4
21. Rxf6 Kg7 0-1

[Event "43rd Guernsey International Holiday"]
[Site "?"]
[Date "2017.10.21"]
[Round "7"]
[White "Heesen, Jos"]
[Black "Nevska, Gerda"]
[Result "1/2-1/2"]
[WhiteElo "1766"]
[BlackElo "1677"]
[PlyCount "60"]
[EventDate "2017.10.15"]
[EventType "swiss"]
[EventRounds "7"]

1. Nc3 g6 2. e4 Bg7 3. d4 d6 4. Be3 Nd7 5. Qd2 e5 6. Nf3 c6 7. dxe5 Nxe5 8.
Nxe5 dxe5 9. Qxd8+ Kxd8 10. O-O-O+ Kc7 11. Bc4 Nh6 12. Kb1 f5 13. f3 b5 14. Bb3
a5 15. a3 Re8 16. Rd2 Be6 17. Rhd1 Bxb3 18. Rd7+ Kc8 19. cxb3 Bf8 20. Rxh7 f4
21. Bb6 Ra6 22. Bf2 Ng8 23. Bh4 Be7 24. Bf2 Nf6 25. Rg7 g5 26. Rxg5 b4 27. Rxe5
bxc3 28. bxc3 Bxa3 29. Ka2 Rxe5 30. Kxa3 Rh5 1/2-1/2

[Event "43rd Guernsey International Holiday"]
[Site "?"]
[Date "2017.10.21"]
[Round "7"]
[White "Finch, Russell"]
[Black "Dennis, Nigel W"]
[Result "1/2-1/2"]
[WhiteElo "1689"]
[BlackElo "1785"]
[PlyCount "43"]
[EventDate "2017.10.15"]
[EventType "swiss"]
[EventRounds "7"]

1. d4 Nf6 2. Nf3 g6 3. Bf4 Bg7 4. e3 O-O 5. Be2 d6 6. O-O Nbd7 7. Nbd2 Re8 8.
h3 e5 9. Bg5 exd4 10. exd4 Nf8 11. Bd3 Ne6 12. Bxf6 Bxf6 13. c3 Bd7 14. Ne4 Bg7
15. Qd2 Bc6 16. Rfe1 Qd7 17. Nfg5 Nxg5 18. Qxg5 Bxe4 19. Bxe4 c6 20. Bf3 Rxe1+
21. Rxe1 Re8 22. Rxe8+ 1/2-1/2

[Event "43rd Guernsey International Holiday"]
[Site "?"]
[Date "2017.10.21"]
[Round "7"]
[White "Turner, David J"]
[Black "Remie, Peter"]
[Result "1-0"]
[WhiteElo "1774"]
[BlackElo "1689"]
[PlyCount "57"]
[EventDate "2017.10.15"]
[EventType "swiss"]
[EventRounds "7"]

1. Nf3 d5 2. g3 Nf6 3. Bg2 c6 4. O-O Bf5 5. d3 e6 6. Nbd2 Be7 7. b3 Nbd7 8. Bb2
O-O 9. c4 Rc8 10. h3 h6 11. Rc1 dxc4 12. Nxc4 Bg6 13. Qd2 Nd5 14. a3 Nc5 15.
Qd1 a5 16. Nfd2 Nd7 17. e4 N5f6 18. e5 Nd5 19. Be4 Bxe4 20. dxe4 N5b6 21. Qg4
Nxc4 22. Nxc4 Nc5 23. Rfd1 Qc7 24. Rc3 Rcd8 25. Nd6 g6 26. Rxc5 Bxd6 27. exd6
Rxd6 28. Rxd6 Qxd6 29. Qf4 1-0

[Event "43rd Guernsey International Holiday"]
[Site "?"]
[Date "2017.10.21"]
[Round "7"]
[White "Kirk, Matthew"]
[Black "Hoogakker, Peter"]
[Result "1/2-1/2"]
[WhiteElo "1721"]
[BlackElo "1769"]
[PlyCount "103"]
[EventDate "2017.10.15"]
[EventType "swiss"]
[EventRounds "7"]

1. d4 d6 2. Nf3 Nf6 3. c4 Nbd7 4. Bf4 Nh5 5. Bg3 Nxg3 6. hxg3 e5 7. Nc3 exd4 8.
Nxd4 Nf6 9. e4 c6 10. Be2 Qa5 11. Qc2 Ng4 12. Nf5 Nf6 13. O-O-O Qc5 14. Qd2
Bxf5 15. exf5 O-O-O 16. g4 Qxf2 17. g5 Nd7 18. g4 Re8 19. f6 gxf6 20. gxf6 Qxf6
21. Rdf1 Qe6 22. Bd3 Qe3 23. Rxf7 Qxd2+ 24. Kxd2 Ne5 25. Rfxh7 Rxh7 26. Rxh7
Nxd3 27. Kxd3 Re7 28. Rxe7 Bxe7 29. Ke4 Bf6 30. Kf5 Be5 31. g5 Kd7 32. g6 Ke7
33. Kg5 Bg7 34. Nd1 d5 35. cxd5 cxd5 36. Ne3 Ke6 37. b3 Ke5 38. Kg4 Ke4 39. Nf5
Be5 40. Ng3+ Ke3 41. Nf5+ Kd2 42. Kf3 Kc3 43. Nd6 d4 44. Ke4 Bg7 45. Nb5+ Kb2
46. Nxd4 Kxa2 47. Kd5 Kb2 48. b4 Kc3 49. Nb5+ Kxb4 50. Nxa7 Ka4 51. Kc5 Ka5 52.
Nb5 1/2-1/2

[Event "43rd Guernsey International Holiday"]
[Site "?"]
[Date "2017.10.21"]
[Round "7"]
[White "Bateman, Kerry"]
[Black "O'Connell, Denis"]
[Result "0-1"]
[WhiteElo "1764"]
[BlackElo "1722"]
[PlyCount "74"]
[EventDate "2017.10.15"]
[EventType "swiss"]
[EventRounds "7"]

1. e4 d5 2. exd5 Nf6 3. Nf3 Bg4 4. Bb5+ Nbd7 5. Nc3 a6 6. Be2 Nb6 7. Ne5 Bxe2
8. Qxe2 Nbxd5 9. O-O e6 10. Ne4 Be7 11. d3 O-O 12. c4 Nb6 13. Be3 c6 14. Rad1
Qc7 15. f4 Nbd7 16. Bd4 Nxe4 17. Nxd7 Qxd7 18. dxe4 Qc7 19. Qg4 g6 20. Kh1 Rfd8
21. Be5 Qa5 22. a3 Rxd1 23. Rxd1 Rd8 24. Rxd8+ Qxd8 25. Bc3 Qd3 26. h3 Qxe4 27.
Qg3 Qxc4 28. f5 Qf1+ 29. Kh2 Qxf5 30. Qb8+ Bf8 31. Be5 Qd3 32. Qxb7 Qd5 33. Qb8
Qd7 34. Kh1 f5 35. Bc3 Qd1+ 36. Kh2 Qd6+ 37. Qxd6 Bxd6+ 0-1

[Event "43rd Guernsey International Holiday"]
[Site "?"]
[Date "2017.10.21"]
[Round "7"]
[White "Foster, Paul"]
[Black "Goris Schouwstra, Adry"]
[Result "1/2-1/2"]
[WhiteElo "1485"]
[BlackElo "1754"]
[PlyCount "70"]
[EventDate "2017.10.15"]
[EventType "swiss"]
[EventRounds "7"]

1. e4 e6 2. d4 d5 3. e5 c5 4. c3 Nc6 5. Nf3 Qb6 6. a3 c4 7. Nbd2 Na5 8. Rb1 Bd7
9. Be2 h6 10. O-O Ne7 11. Qe1 Nb3 12. Nxb3 cxb3 13. c4 dxc4 14. Bxc4 a5 15. Be3
Nd5 16. Qe2 a4 17. Nd2 Be7 18. Ne4 Bc6 19. Bxd5 Bxd5 20. Nc3 Qd8 21. Rbc1 Qd7
22. Nxd5 exd5 23. Rc3 Rc8 24. Rxc8+ Qxc8 25. Rc1 Qd7 26. f4 O-O 27. g4 f5 28.
h3 g5 29. fxg5 hxg5 30. Bd2 f4 31. Qf3 Kg7 32. Qc3 Qb5 33. Qf3 Qd7 34. Qc3 Qb5
35. Qf3 Qd7 1/2-1/2

[Event "43rd Guernsey International Holiday"]
[Site "?"]
[Date "2017.10.21"]
[Round "7"]
[White "Nielsen, Jorgen Holmstrom"]
[Black "Haisma, Henk"]
[Result "0-1"]
[WhiteElo "1688"]
[BlackElo "1808"]
[PlyCount "68"]
[EventDate "2017.10.15"]
[EventType "swiss"]
[EventRounds "7"]

1. Nc3 d5 2. e4 d4 3. Nce2 c5 4. Ng3 g6 5. Bc4 Nd7 6. d3 Ne5 7. Bb5+ Nc6 8. Bd2
e5 9. Nf3 Bg4 10. Bc4 Nf6 11. h3 Bxf3 12. Qxf3 Be7 13. O-O h5 14. Qd1 a6 15. f4
b5 16. Bb3 h4 17. Nh1 Nxe4 18. Bxf7+ Kxf7 19. fxe5+ Kg7 20. dxe4 Nxe5 21. Bf4
Bf6 22. Nf2 Nc4 23. Nd3 Ne3 24. Bxe3 dxe3 25. Nxc5 Qe7 26. Nd3 Qxe4 27. Rf4 Qe7
28. Qe2 Rad8 29. Raf1 Bd4 30. Rg4 Ba7 31. Rff4 Rdf8 32. Re4 Qd6 33. Nf4 Rxf4
34. Rexf4 Qd1+ 0-1

[Event "43rd Guernsey International Holiday"]
[Site "?"]
[Date "2017.10.21"]
[Round "7"]
[White "Glover, John"]
[Black "Ruigrok, Jacques"]
[Result "1-0"]
[WhiteElo "1765"]
[BlackElo "1679"]
[PlyCount "93"]
[EventDate "2017.10.15"]
[EventType "swiss"]
[EventRounds "7"]

1. Nf3 d5 2. c4 e6 3. g3 Nf6 4. Bg2 Be7 5. b3 O-O 6. Bb2 Nbd7 7. d4 b6 8. O-O
Bb7 9. Nbd2 c5 10. e3 Rc8 11. Rc1 a6 12. Rc2 Ne8 13. Qa1 Bf6 14. Rfc1 Nd6 15.
Ne5 Rc7 16. Nxd7 Qxd7 17. cxd5 exd5 18. dxc5 Bxb2 19. Qxb2 bxc5 20. Rxc5 Rfc8
21. Rxc7 Rxc7 22. Rxc7 Qxc7 23. Nf3 f6 24. Nd4 Kf7 25. Qc2 Qxc2 26. Nxc2 Ke7
27. Nd4 g6 28. Kf1 f5 29. Ke2 Kf6 30. f3 g5 31. h3 h5 32. b4 h4 33. gxh4 gxh4
34. Nb3 Nb5 35. Kd3 Nd6 36. Nc5 Bc6 37. a4 Nb7 38. Nxb7 Bxb7 39. Kd4 Bc6 40. a5
Ke6 41. Kc5 Bb5 42. e4 dxe4 43. fxe4 fxe4 44. Bxe4 Ke5 45. Bc6 Bf1 46. b5 axb5
47. a6 1-0

[Event "43rd Guernsey International Holiday"]
[Site "?"]
[Date "2017.10.21"]
[Round "7"]
[White "Stanners, Michael J"]
[Black "Foran, Barry"]
[Result "0-1"]
[WhiteElo "1761"]
[BlackElo "1636"]
[PlyCount "104"]
[EventDate "2017.10.15"]
[EventType "swiss"]
[EventRounds "7"]

1. d4 d5 2. e3 Nf6 3. Nf3 g6 4. Nbd2 Bg7 5. Ne5 Nbd7 6. f4 c5 7. c3 b6 8. Bd3
c4 9. Bc2 Nxe5 10. fxe5 Bg4 11. Nf3 Ne4 12. O-O O-O 13. Qe1 f6 14. Qh4 Bf5 15.
g4 g5 16. Qh3 Bg6 17. Bb1 Qd7 18. Nd2 fxe5 19. Bxe4 Rxf1+ 20. Kxf1 Bxe4 21.
Nxe4 dxe4 22. Qg2 Rf8+ 23. Kg1 Rf3 24. Bd2 exd4 25. exd4 e5 26. Bxg5 exd4 27.
Rd1 Qd5 28. Bc1 Qc5 29. Kh1 Qf8 30. cxd4 Bxd4 31. g5 Rf2 32. Qh3 Be5 33. Qe6+
Rf7 34. Rf1 Qe7 35. Qxc4 Kg7 36. Qxf7+ Qxf7 37. Rxf7+ Kxf7 38. b3 Kg6 39. Be3
Kf5 40. Kg2 Bf4 41. Bd4 Kxg5 42. a4 Kf5 43. b4 Be5 44. Be3 Bc3 45. b5 Be5 46.
h3 Ke6 47. a5 Bc7 48. Kf2 Kd5 49. Ke2 Kc4 50. axb6 Bxb6 51. Bg5 Kxb5 52. h4 Kc4
0-1

[Event "43rd Guernsey International Holiday"]
[Site "?"]
[Date "2017.10.21"]
[Round "7"]
[White "Goman, Colin R"]
[Black "Jongerius, Marc"]
[Result "0-1"]
[WhiteElo "1714"]
[BlackElo "1588"]
[PlyCount "53"]
[EventDate "2017.10.15"]
[EventType "swiss"]
[EventRounds "7"]

1. d4 Nf6 2. Nf3 g6 3. Nbd2 d5 4. e3 Bg7 5. Bd3 O-O 6. O-O Nbd7 7. c3 c5 8. e4
cxd4 9. Nxd4 Nc5 10. Qe2 Nxd3 11. Qxd3 dxe4 12. Nxe4 e5 13. Bg5 exd4 14. Qf3
Bf5 15. Nxf6+ Bxf6 16. Bxf6 Qxf6 17. cxd4 Qxd4 18. Qxb7 Rab8 19. Qc7 Rxb2 20.
Rad1 Qb6 21. Qxb6 axb6 22. Rd6 Ra8 23. h3 Raxa2 24. Re1 Rxf2 25. Ra1 Rxg2+ 26.
Kf1 Rxa1+ 27. Kxg2 0-1

[Event "43rd Guernsey International Holiday"]
[Site "?"]
[Date "2017.10.21"]
[Round "7"]
[White "Carlsson, Johan"]
[Black "Baart, Edwin"]
[Result "0-1"]
[WhiteElo "1552"]
[BlackElo "1816"]
[PlyCount "68"]
[EventDate "2017.10.15"]
[EventType "swiss"]
[EventRounds "7"]

1. d4 Nf6 2. c4 g6 3. Nc3 Bg7 4. Nf3 d6 5. Bf4 O-O 6. h3 b6 7. e3 Bb7 8. Be2
Nbd7 9. O-O Re8 10. Bh2 a6 11. Qc2 e5 12. d5 Qe7 13. e4 Rf8 14. Rae1 a5 15. Nd2
Nc5 16. f4 exf4 17. Bxf4 Nfd7 18. Bd1 Ne5 19. Bxe5 Bxe5 20. Nf3 Rae8 21. Nxe5
Qxe5 22. Qd2 Re7 23. Bc2 Rfe8 24. Kh1 Ba6 25. b3 Bc8 26. Rf4 Bd7 27. Nd1 f5 28.
Nf2 fxe4 29. Nxe4 Bf5 30. Rxf5 Qxf5 31. Ng3 Rxe1+ 32. Kh2 Qe5 33. Bxg6 hxg6 34.
Qh6 Qg7 0-1

[Event "43rd Guernsey International Holiday"]
[Site "?"]
[Date "2017.10.21"]
[Round "7"]
[White "Salisbury, Paul"]
[Black "Kearsley, Raymond J"]
[Result "1-0"]
[WhiteElo "1650"]
[BlackElo "1724"]
[PlyCount "63"]
[EventDate "2017.10.15"]
[EventType "swiss"]
[EventRounds "7"]

1. f4 Nf6 2. d3 g6 3. Kf2 Bg7 4. Kf3 d6 5. h3 O-O 6. g4 e5 7. e3 Bd7 8. Bg2 Qe7
9. Ne2 Bc6+ 10. Kf2 Nd5 11. h4 f5 12. g5 Nd7 13. c4 N5b6 14. Nbc3 Bxg2 15. Kxg2
c6 16. a4 a5 17. b3 Nc5 18. Ra2 Rad8 19. Rh3 e4 20. d4 Nd3 21. Qd2 d5 22. Ba3
Qd7 23. Bxf8 Bxf8 24. c5 Nc8 25. Nc1 Nxc1 26. Qxc1 b6 27. cxb6 Nxb6 28. Rc2 Rc8
29. Ne2 Qb7 30. h5 c5 31. hxg6 hxg6 32. dxc5 1-0

[Event "43rd Guernsey International Holiday"]
[Site "?"]
[Date "2017.10.21"]
[Round "7"]
[White "Kershaw, Graham J"]
[Black "Almquist, Rutger"]
[Result "1-0"]
[WhiteElo "1712"]
[BlackElo "1589"]
[PlyCount "60"]
[EventDate "2017.10.15"]
[EventType "swiss"]
[EventRounds "7"]

1. e4 c6 2. d4 d5 3. exd5 cxd5 4. c4 e6 5. Nc3 Nc6 6. Nf3 a6 7. c5 b5 8. a3 Be7
9. b4 Bb7 10. Bd3 Nf6 11. O-O O-O 12. Re1 Nd7 13. Qc2 g6 14. Bf4 Bf6 15. Be5
Bxe5 16. dxe5 Kg7 17. Re3 d4 18. Nxd4 Nxd4 19. Qb2 Nc6 20. Ne4 Rb8 21. Rh3
Ncxe5 22. f4 f6 23. fxe5 Nxe5 24. Nd6 Nf7 25. Qc1 Rh8 26. Nxb7 Rxb7 27. Qc3 Rc7
28. a4 Qd7 29. axb5 axb5 30. Ra6 Rb8 {... Remaining moves unreadable, (1-0, 51)
.} 1-0

[Event "43rd Guernsey International Holiday"]
[Site "?"]
[Date "2017.10.21"]
[Round "7"]
[White "Svenneling, Matz"]
[Black "Gunn, Michael J"]
[Result "1/2-1/2"]
[WhiteElo "1448"]
[BlackElo "1599"]
[PlyCount "52"]
[EventDate "2017.10.15"]
[EventType "swiss"]
[EventRounds "7"]

1. e4 b6 2. d4 Bb7 3. Bd3 e6 4. Nf3 d6 5. c4 Nd7 6. Nc3 h6 7. Bf4 g5 8. Bg3 Bg7
9. h3 a6 10. Qe2 e5 11. d5 Nc5 12. b4 Nxd3+ 13. Qxd3 Ne7 14. Rc1 Ng6 15. Ne2
Bf6 16. Nd2 Nf4 17. Qf3 h5 18. Bh2 Bc8 19. g4 hxg4 20. hxg4 Rh3 21. Ng3 Ke7 22.
c5 Qh8 23. cxd6+ cxd6 24. Qc3 Rxg3 25. Qc7+ Ke8 26. Qc6+ Ke7 1/2-1/2

[Event "43rd Guernsey International Holiday"]
[Site "?"]
[Date "2017.10.21"]
[Round "7"]
[White "Harnden, Terry"]
[Black "Newell, David F"]
[Result "0-1"]
[WhiteElo "1369"]
[BlackElo "1821"]
[PlyCount "64"]
[EventDate "2017.10.15"]
[EventType "swiss"]
[EventRounds "7"]

1. e4 c5 2. Nf3 Nc6 3. d4 cxd4 4. Nxd4 g6 5. Nc3 Bg7 6. Be3 Nf6 7. f3 O-O 8.
Qd2 d5 9. O-O-O dxe4 10. Nxc6 Qxd2+ 11. Rxd2 bxc6 12. Nxe4 Nd5 13. Bg5 f6 14.
Bc4 fxg5 15. Bxd5+ cxd5 16. Nxg5 h6 17. Nh3 Bxh3 18. gxh3 Rab8 19. b3 d4 20.
Rd3 Rf4 21. Rg1 Kh7 22. Kd1 Rbf8 23. Ke2 e5 24. Rg2 h5 25. a3 Rh4 26. Rg3 Bh6
27. c4 Bf4 28. Rg2 Rxh3 29. c5 Be3 30. b4 Rhxf3 31. Kd1 e4 32. Rb3 d3 0-1

[Event "43rd Guernsey International Holiday"]
[Site "?"]
[Date "2017.10.21"]
[Round "7"]
[White "Colsen, Manuel"]
[Black "Brauer, Claes"]
[Result "1-0"]
[WhiteElo "1665"]
[BlackElo "1386"]
[PlyCount "63"]
[EventDate "2017.10.15"]
[EventType "swiss"]
[EventRounds "7"]

1. Nf3 d5 2. g3 Nf6 3. Bg2 c6 4. d4 e6 5. O-O Nbd7 6. Nbd2 c5 7. c4 Rb8 8. a3
a6 9. dxc5 Nxc5 10. b4 Ncd7 11. c5 Be7 12. Bb2 O-O 13. Rc1 Ne4 14. Nxe4 dxe4
15. Nd4 Ne5 16. Bxe4 Bf6 17. Qc2 Qe7 18. Bxh7+ Kh8 19. Be4 Bd7 20. c6 bxc6 21.
Nxc6 Bxc6 22. Bxe5 Bxe5 23. Bxc6 Rfc8 24. Qa4 Rb6 25. Be4 Qe8 26. Rxc8 Qxc8 27.
Rd1 g6 28. Qd7 Qf8 29. Rd3 Kg7 30. Qa7 Rd6 31. Qc5 Qe7 32. Qxe5+ 1-0

[Event "43rd Guernsey International Holiday"]
[Site "?"]
[Date "2017.10.21"]
[Round "7"]
[White "Stuart, Brian"]
[Black "Huba, Mark J"]
[Result "1-0"]
[WhiteElo "1654"]
[BlackElo "1580"]
[PlyCount "57"]
[EventDate "2017.10.15"]
[EventType "swiss"]
[EventRounds "7"]

1. e4 e6 2. d4 d5 3. Nd2 Nf6 4. e5 Nfd7 5. Bd3 c5 6. c3 Nc6 7. Ne2 Qb6 8. Nf3
cxd4 9. cxd4 f6 10. exf6 Nxf6 11. O-O Bd7 12. a3 Bd6 13. b4 O-O-O 14. Bd2 Kb8
15. Nc3 Nxd4 16. Nxd4 Qxd4 17. Qe2 Bxh2+ 18. Kxh2 Qh4+ 19. Kg1 Ng4 20. Bf4+ e5
21. Bg3 Qg5 22. f3 Ne3 23. Rfe1 Qxg3 24. Qxe3 d4 25. Ne4 Qg6 26. Qg5 Bf5 27.
Qxg6 Bxg6 28. Nc5 b6 29. Ne4 {... Remaining moves unreadable, (1-0, 67).} 1-0

[Event "43rd Guernsey International Holiday"]
[Site "?"]
[Date "2017.10.21"]
[Round "7"]
[White "Bennett, David"]
[Black "Beadle, John R"]
[Result "0-1"]
[WhiteElo "1612"]
[BlackElo "1558"]
[PlyCount "70"]
[EventDate "2017.10.15"]
[EventType "swiss"]
[EventRounds "7"]

1. Nf3 d5 2. d4 f5 3. Bf4 Nf6 4. Nbd2 e6 5. a3 Bd6 6. Be5 O-O 7. e3 Nc6 8. Be2
Bxe5 9. dxe5 Ng4 10. O-O Ngxe5 11. Rc1 Ng6 12. c4 Nce7 13. cxd5 exd5 14. Qb3
Kh8 15. Qc2 c6 16. Nd4 Qd6 17. f4 Bd7 18. N2f3 Ng8 19. Bd3 N6e7 20. Ne5 Rac8
21. Qf2 Nf6 22. Qh4 Ne4 23. Ndf3 Ng6 24. Nxg6+ Qxg6 25. Ne5 Qe8 26. Rf3 Rf6 27.
Qe1 Rh6 28. Be2 c5 29. Rd1 Bc6 30. Nxc6 bxc6 31. Qa5 Rb8 32. Qxa7 Rxb2 33. Re1
Rg6 34. Qa5 h5 35. Rh3 Rh6 {... (0-1, Time).} 0-1

[Event "43rd Guernsey International Holiday"]
[Site "?"]
[Date "2017.10.21"]
[Round "7"]
[White "Kerr, Matthew"]
[Black "Jones, Sidney A"]
[Result "1/2-1/2"]
[WhiteElo "1290"]
[BlackElo "1500"]
[PlyCount "48"]
[EventDate "2017.10.15"]
[EventType "swiss"]
[EventRounds "7"]

1. e4 c5 2. Nc3 Nc6 3. Nf3 d6 4. h3 Nf6 5. d4 cxd4 6. Nxd4 e5 7. Nxc6 bxc6 8.
Bg5 Be7 9. Qf3 O-O 10. Bd3 Rb8 11. Bc1 Be6 12. O-O d5 13. Re1 d4 14. Ne2 Qa5
15. Rf1 c5 16. c4 Rb7 17. b3 Rfb8 18. Bc2 Qc7 19. Bd3 a5 20. Bc2 a4 21. Qd3
axb3 22. Bxb3 Bd7 23. Bd2 Bc6 24. Ng3 g6 1/2-1/2

[Event "43rd Guernsey International Holiday"]
[Site "?"]
[Date "2017.10.21"]
[Round "7"]
[White "Van Beek, Ronald"]
[Black "Newrick, William R"]
[Result "1/2-1/2"]
[WhiteElo "1246"]
[BlackElo "1282"]
[PlyCount "54"]
[EventDate "2017.10.15"]
[EventType "swiss"]
[EventRounds "7"]

1. d4 d5 2. Nf3 Nf6 3. Bf4 Nc6 4. h3 e6 5. a3 Bd6 6. Qd2 O-O 7. Bg5 Ne4 8. Bxd8
Nxd2 9. Nbxd2 Rxd8 10. e3 e5 11. dxe5 Nxe5 12. Be2 Bf5 13. Nd4 Bg6 14. O-O c5
15. N4f3 Nxf3+ 16. Bxf3 Be5 17. c3 Rab8 18. Rfe1 c4 19. Rad1 Bc2 20. Rc1 Bb3
21. Nxb3 cxb3 22. Bd1 Rd6 23. Bxb3 Rb6 24. Bxd5 Rxb2 25. Rb1 Bxc3 26. Rxb2 Bxb2
27. Rb1 Bxa3 1/2-1/2

[Event "44th Guernsey International Open"]
[Site "?"]
[Date "2018.10.21"]
[Round "1"]
[White "Korneev, Oleg"]
[Black "Dilleigh, Stephen P"]
[Result "1-0"]
[WhiteElo "2560"]
[BlackElo "1986"]
[PlyCount "77"]
[EventDate "2018.10.21"]

1. e4 e6 2. d4 d5 3. Nd2 c5 4. Ngf3 cxd4 5. Nxd4 Nf6 6. exd5 Qxd5 7. Nb5 Na6 8.
Nc3 Qd8 9. a3 Nc7 10. Bd3 Ncd5 11. Nxd5 Qxd5 12. O-O Bd7 13. Qf3 Qxf3 14. Nxf3
Bd6 15. Re1 O-O-O 16. Be3 Kb8 17. Bd4 Bc6 18. Ne5 Bxe5 19. Bxe5+ Kc8 20. b4 Rd5
21. a4 b6 22. Ra3 Rhd8 23. Rc3 Kd7 24. b5 Ba8 25. Rc7+ Ke8 26. Rxa7 Nd7 27. Bc7
Rc8 28. f3 Rc5 29. Bg3 h6 30. c4 e5 31. Bf5 R5c7 32. Rxc7 Rxc7 33. Bxe5 Nxe5
34. Rxe5+ Re7 35. Rxe7+ Kxe7 36. c5 bxc5 37. Be4 Bxe4 38. fxe4 Kd6 39. Kf2 1-0

[Event "44th Guernsey International Open"]
[Site "?"]
[Date "2018.10.21"]
[Round "1"]
[White "De Kruif, Kees"]
[Black "Hillarp Persson, Tiger"]
[Result "0-1"]
[WhiteElo "1979"]
[BlackElo "2544"]
[PlyCount "50"]
[EventDate "2018.10.21"]

1. c4 b6 2. d3 f5 3. Nc3 Nf6 4. Nf3 Bb7 5. Bg5 e6 6. e4 h6 7. Bxf6 Qxf6 8. Be2
fxe4 9. dxe4 Bb4 10. e5 Qf4 11. Qd2 Qxd2+ 12. Nxd2 Nc6 13. Bh5+ Ke7 14. f4 Raf8
15. O-O Bc5+ 16. Kh1 Be3 17. Nf3 Bxf4 18. Rfe1 g5 19. Rad1 Rhg8 20. h3 Rf5 21.
Bg4 Rxe5 22. Nxe5 Nxe5 23. Be2 h5 24. Bxh5 Rh8 25. Be2 Rxh3+ 0-1

[Event "44th Guernsey International Open"]
[Site "?"]
[Date "2018.10.21"]
[Round "1"]
[White "Le Roux, Jean Pierre"]
[Black "Campbell, Ian"]
[Result "1-0"]
[WhiteElo "2532"]
[BlackElo "1969"]
[PlyCount "121"]
[EventDate "2018.10.21"]

1. d4 g6 2. e4 Bg7 3. Nf3 d6 4. Bc4 e6 5. Bb3 Ne7 6. c3 b6 7. O-O Bb7 8. Re1
O-O 9. Nbd2 Nd7 10. Nf1 Nf6 11. Ng3 Qd7 12. Bf4 Rad8 13. Qd2 Kh8 14. h4 h5 15.
Bh6 Neg8 16. Bxg7+ Kxg7 17. Rad1 Nh7 18. Ng5 Nxg5 19. Qxg5 f6 20. Qc1 Qe7 21.
Rd3 Nh6 22. Nf1 Bc8 23. Nh2 c6 24. Qd2 Ba6 25. Rg3 Kh7 26. f4 Rde8 27. Bc2 Rg8
28. e5 dxe5 29. fxe5 f5 30. Nf3 Nf7 31. Bb3 Rd8 32. Qf4 Bb7 33. c4 Rge8 34. a3
Rg8 35. Bc2 a5 36. Re3 Ba6 37. Bb3 Bb7 38. Ba2 Rge8 39. Rb3 Qc7 40. Bb1 b5 41.
cxb5 cxb5 42. Rxb5 Bxf3 43. Rxf3 Qc4 44. Rb7 Kg7 45. Rc3 Qxd4+ 46. Qxd4 Rxd4
47. Rcc7 Rd1+ 48. Kh2 Rxb1 49. Rxf7+ Kh8 50. Rh7+ Kg8 51. Rhg7+ Kh8 52. Rxg6
Re1 53. Rb5 a4 54. Rh6+ Kg7 55. Rxh5 Re4 56. Rb7+ Kg8 57. Rhh7 Rxe5 58. h5 Re4
59. Rbg7+ Kf8 60. Kh3 Re3+ 61. g3 1-0

[Event "44th Guernsey International Open"]
[Site "?"]
[Date "2018.10.21"]
[Round "1"]
[White "Sikkel, Dirk"]
[Black "Povah, Nigel E"]
[Result "0-1"]
[WhiteElo "1969"]
[BlackElo "2303"]
[PlyCount "78"]
[EventDate "2018.10.21"]

1. e4 c5 2. Nf3 Nc6 3. Bb5 Nf6 4. e5 Nd5 5. O-O Nc7 6. Bxc6 dxc6 7. d3 Bf5 8.
Nc3 e6 9. Ne4 Qd5 10. Qe2 c4 11. Nc3 cxd3 12. Nxd5 dxe2 13. Nxc7+ Kd7 14. Nxa8
exf1=Q+ 15. Kxf1 Be7 16. Nd4 Bg6 17. c3 Rxa8 18. Be3 c5 19. Nb3 b6 20. Ke2 Kc6
21. Rd1 a5 22. Rd2 a4 23. Nc1 b5 24. Nd3 Be4 25. f3 Bd5 26. a3 g5 27. Nf2 b4
28. Ne4 bxa3 29. bxa3 h6 30. Nf6 Rb8 31. Nxd5 exd5 32. f4 Rb3 33. f5 Rxa3 34.
f6 Bf8 35. Rb2 Rb3 36. Ra2 a3 37. Bc1 c4 38. Kd2 Kd7 39. Kc2 Ke6 0-1